01124nam a22002535i 4500001000700000003000900007005001700016008004100033040001400074130003700088245017700125260007200302300003400374595009500408597002500503597002400528597001900552650004900571710005000620752002400670852003500694999001900729952012200748157677ES-MaACL20230906210815.0940202s1896 sp |||| | lat d aCYL bspa0 aLex Romana Visigothorum.913532910aLegis Romanae Wisigothorum fragmenta ex Codice Palimpsesto Sanctae legionensis ecclesiae / cprotulit illustravit ac sumptu publico edidit Regia Historiae Academia Hispana. aMatriti : bapud Ricardum Fe, Regiae Academiae Typographum, c1896. a[6], XXVII, 439 p. ; c37 cm. 1aFacsimil del codex palimpseto en las p. del verso, y la interpretación en las del recto. 1aAntep. a dos tintas. 1aPort. a dos tintas. 1aSignaturizado. 4aVisigodos-xDerecho y legislación.91369912 aReal Academia de la Historia (España)96309 aEspaña - dMadrid aES-MaACLjB-65 z-- Enc. pasta c157677d157677 001040708LIBXIXaATENEOMbATENEOMcSPBd2008-01-17eSSCl0oB-65p1165005r2023-02-23 00:00:00w2023-02-23yMONANT